000 00668nam a22002297i 4500
003 DO-SdBNP
005 20230519123057.0
007 ta
008 230426b1998 dr ab||| |||| 00| 0 spa d
020 _a9580712050
040 _bspa
_cBNPHU
_erda
_aDO-SdBNP
082 _222
_bA881
245 _aAtlas geográfico estudiantil :
_bRepública Dominicana
264 _aSanto Domingo :
_bSusaeta Ediciones,
_c1998
300 _a116, XVI paginas :
_bilustraciones, mapas
_c32 cm
336 _2rdacontent
_atexto
_btxt
337 _2rdamedia
_asin mediación
_bn
338 _2rdacarrier
_avolumen
_bnc
590 _aInventariado, 2023 / DG
910 _aDG
942 _2ddc
_cLBS1
999 _c53383
_d53383